02323naa a2200181 a 450000100080000000500110000800800410001910000240006024500450008426000090012952018120013865300110195065300230196165300180198465300250200265300190202777300950204611296102020-05-05 2020 bl uuuu u00u1 u #d1 aGOULART J??NIOR, R. aBanana - 2018/19.h[electronic resource] c2020 aEm 2017, a bananicultura mundial produziu 113,9 milh??es de toneladas, em mais de 5,6 milh??es de hectares colhidos da fruta, com produtividade m??dia de 20.207 quilos por hectares (FAO). Os cinco pa??ses com maior produ????o foram respons??veis, em 2017, por 54,4% da produ????o mundial, obtida em 35,7% da ??rea em produ????o. A ??ndia mant??m a lideran??a da produ????o mundial, com 2,5% de crescimento m??dio anual no quinqu??nio 2013-17, e de 4,6% entre 2016 e 2017. A China, mesmo apresentando taxa anual negativa de 2,0% no per??odo se manteve na segunda posi????o, se recuperando com taxas de crescimento positivas acima de 2,0% entre 2015 e 2017. A Indon??sia mant??m a terceira posi????o, com crescimento de 3,3% ao ano. J?? o Brasil manteve a quarta maior produ????o, mesmo com taxa de crescimento anual negativa de 0,8%. Entre 2015 e 2017, o valor mundial exportado passou de US$9,6 bilh??es para US$11,5 bilh??es, com taxa de crescimento de 9,5% ao ano. Entre 2015 e 2017, a importa????o mundial de banana apresentou recupera????o (em quantidade), com taxa m??dia positiva de 4,3% ao ano. O Brasil se mant??m como quarto maior produtor mundial de banana, com mais de 7,08 milh??es de toneladas da fruta (IBGE, 2019). Os principais estados produtores brasileiros de banana s??o: S??o Paulo, Bahia, Minas Gerais e Santa Catarina. Conforme a Epagri/Cepa (2019), em 2017 Santa Catarina produziu 732,2 mil toneladas de banana, sendo 85% do grupo Cavendish, 15% do grupo prata ou banana-prata, entre outras. A produ????o estadual da fruta contou com 3.180 bananicultores, com ??rea colhida total de 28.023,6 hectares. O valor bruto da produ????o (VBP) total estimado em R$ 297,9 milh??es. Na composi????o do VBP, 76,61% foram gerados a partir da produ????o da banana-caturra e 23,39% da banana-prata. aBanana aEconomia agr??cola aExporta????es aProdu????o agr??cola aSanta Catarina tS??ntese Anual da Agricultura em Santa Catarina 2018-2019, Florian??polis, p. 33-41, 2020.